ბათუმის შოთა რუსთაველის სახელმწიფო უნივერსიტეტის ბიბლიოთეკა

აჭარის ასსრ სოფლის მეურნეობა : (ბიბ.ჩანაწერი № 63386)

000 -ლიდერი
ფიქსირებული სიგრძის საკონტროლო ველი 00729nam a22001697a 4500
003 - საკონტროლო ნომრის იდენტიფიკატორი
საკონტროლო ველი Ge_BSU
005 - ბოლო ოპერაციის თარიღი და დრო
საკონტროლო ველი 20250929141329.0
008 - ფიქსირებული სიგრძის მონაცემთა ელემენტები - ზოგადი ინფორმაცია
ფიქსირებული სიგრძის საკონტროლო ველი 250929s1972 ge ||||| |||| 00| 0 geo d
041 ## - ენის კოდი
Language code of text/sound track or separate title geo
080 ## - უნივერსალური ათობითი კლასიფიკაციის ინდექსი
Universal Decimal Classification number 63(479.223) ბ-13
100 ## - მთავარი ჩანაწერი - პიროვნების სახელი
Personal name ბაუჟაძე, ალექსანდრე
9 (RLIN) 3874
245 ## - ცნობა სათაურის შესახებ
Title აჭარის ასსრ სოფლის მეურნეობა :
Remainder of title აღმავლობის გზაზე /
Statement of responsibility, etc ალექსანდრე ბაუჟაძე.
264 ## - წარმოების, გამოცემის, დისტრიბუციის და სხვა ცნობები
გამოცემის, წარმოების, დისტრიბუციის... ადგილი ბათუმი :
გამოცემის, წარმოების, დისტრიბუციის... სახელწოდება საბჭ. აჭარა,
გამოცემის, წარმოების, დისტრიბუციის... თარიღი 1972.
300 ## - ფიზიკური აღწერა
Extent 131 გვ. ;
Other physical details 16 სმ.
653 ## - INDEX TERM--UNCONTROLLED
Uncontrolled term აჭარის სოფლის მეურნეობა
942 ## - ADDED ENTRY ELEMENTS (KOHA)
Source of classification or shelving scheme
Koha item type წიგნი
ეგზემპლარები
ჩამოწერის სტატუსი დაკარგული ეგზემპლარის სტატუსი კლასიფიკაციის წყარო ან თაროზე გაწყობის სქემა დაზიანების სტატუსი არ გაიცემა მუდმივი მდებარეობა (დაცვის ადგილი) ამჟამინდელი ადგილსამყოფელი თაროზე განთავსების ადგილი შეძენის თარიღი ღირებულება, შესყიდვის ნორმალური ფასი სრული შენახვის შიფრი შტრიხკოდი ბოლო ოპერაციის თარიღი ეგზემპლარის მიმდევრობითი ნომერი (კეტერი?) ფასის ძალაში შესვლის თარიღი ეგზემპლარის სახეობა საჯარო შენიშვნა
          ბათუმის შოთა რუსთაველის სახელმწიფო უნივერსიტეტის მთავარი ბიბლიოთეკა ბათუმის შოთა რუსთაველის სახელმწიფო უნივერსიტეტის მთავარი ბიბლიოთეკა წიგნსაცავი 2025-09-29 0.40 63(479.223) ბ-13 72482 2025-09-29 72482 2025-09-29 წიგნი 0.40 თ.
          ბათუმის შოთა რუსთაველის სახელმწიფო უნივერსიტეტის მთავარი ბიბლიოთეკა ბათუმის შოთა რუსთაველის სახელმწიფო უნივერსიტეტის მთავარი ბიბლიოთეკა წიგნსაცავი 2025-09-29 0.40 63(479.223) ბ-13 72483 2025-09-29 72483 2025-09-29 წიგნი 0.40 თ.